00725nam a22002657a 450000500170000000800410001702000180005804100080007608200170008410000290010124500710013026000130020126000100021426000090022430000180023330000260025149000230027765000190030065000290031965000140034865000380036265000140040065000220041465000230043620260130132153.0260130b2023 |||||||| |||| 00| 0 spa d a9788441547919 aESP a302.23 N975s aNussbaumer Knaflic, Cole aStorytelling contigo: planificar, crear y hacer una presentación aEspaña bAnaya c2023 a317 páginas bIlustraciones a color aTemática General aCOMUNICACIÓN aFORMAS DE COMUNICACIÓN aAUDIENCIA aPLANIFICACIÓN DE PRESENTACIONES aDISCURSOS aLENGUAJE CORPORAL aLENGUAJE NO VERBAL